Heat and mass transfer. Fundamentals & Applications.
I tiakina i:
| Ngā kaituhi matua: | , |
|---|---|
| Hōputu: | Tē mōhiotia |
| I whakaputaina: |
Chennai, India:
McGraw Hill Education (India),
2020.
|
| Putanga: | Sixth editions in si units. |
| Ngā marau: | |
| Ngā Tūtohu: |
Tāpirihia he Tūtohu
Kāore He Tūtohu, Me noho koe te mea tuatahi ki te tūtohu i tēnei pūkete!
|
MARC
| LEADER | 00000 a2200000 4500 | ||
|---|---|---|---|
| 003 | CL-VaPUC | ||
| 005 | 20250429162608.0 | ||
| 008 | 250429t2020 ||||| |||| 00| 0 eng d | ||
| 999 | |c 449059 |d 449057 | ||
| 020 | |a 978-93-90185-28-3 | ||
| 040 | |c Pontificia Universidad Católica de Valparaíso | ||
| 082 | |2 22 |a 536.2 CEN 2020 | ||
| 100 | |a Cengel, Yunus A |9 521563 |e author | ||
| 245 | |a Heat and mass transfer. |b Fundamentals & Applications. | ||
| 250 | |a Sixth editions in si units. |b Special Indian Edition. | ||
| 260 | |a Chennai, India: |b McGraw Hill Education (India), |c 2020. | ||
| 300 | |a xxiii, 996 páginas . |b ilustraciones. | ||
| 583 | |k GC |c 20250429 | ||
| 650 | 0 | |9 259375 |a Transferencia de masa | |
| 650 | 0 | |9 336631 |a Transferencia de calor | |
| 700 | |a Ghajar, Afshin J |e author |9 902471 | ||
| 942 | |n 1 |2 ddc |c BK | ||
| 952 | |0 0 |1 0 |2 ddc |4 0 |6 536_200000000000000_CEN_2020 |7 0 |8 A |9 602797 |a BIBING |b BIBING |d 2025-04-29 |e 59 |g 46532.00 |i 5667319 |o 536.2 CEN 2020 |p 5667319 |r 2025-04-29 |t 1 |v 46532.00 |w 2025-04-29 |y BK |k EIQ | ||